[Event "Titled Tuesday intern op 06th Dec Late"]
[Site "Chess.com INT"]
[Date "2022.12.06"]
[Round "4"]
[White "Dias, Joao Batista de Sou"]
[Black "Therrien, Alex L"]
[Result "0-1"]
[WhiteElo "1796"]
[BlackElo "2205"]
[PlyCount "104"]
[EventDate "2022.12.06"]
[EventType "swiss (blitz)"]
[EventRounds "11"]
[EventCountry "USA"]
[SourceTitle "CBM 211 Extra"]
[Source "ChessBase"]
[SourceDate "2023.01.31"]
[SourceVersion "1"]
[SourceVersionDate "2023.01.31"]
[SourceQuality "1"]

1. e4 c6 2. Nf3 d5 3. exd5 cxd5 4. d4 Nc6 5. Bd3 Bg4 6. h3 Bh5 7. c3 Qc7 8. Be2 e6 9. Be3 Bd6 10. Nbd2 Nge7 11. Rc1 Nf5 12. 0-0 0-0 13. b3 Ba3 14. Rc2 Bg6 15. Nb1 Nxe3 16. fxe3 Bxc2 17. Qxc2 Bd6 18. e4 dxe4 19. Qxe4 Ne7 20. c4 Ng6 21. Nc3 a6 22. Rd1 Bb4 23. Qd3 Nf4 24. Qc2 Bxc3 25. Bf1 Bb4 26. Qe4 Rad8 27. Ne5 Ng6 28. h4 Nxe5 29. h5 Nd7 30. Bd3 Nf6 31. Qg4 Rxd4 32. Qf3 Rfd8 33. h6 Rf4 34. Qg3 Bc5+ 35. Kh2 g6 36. Rf1 Ng4+ 37. Kh3 e5 38. Rxf4 exf4 39. Qxg4 Rxd3+ 40. Kh2 Qd7 41. Qe2 Re3 42. Qb2 Bf8 43. c5 Qe7 44. Qf2 Qg5 45. c6 Qxh6+ 46. Kg1 bxc6 47. Qc2 Qh5 48. Qd2 Qe5 49. Kh2 Re4 50. Kh3 f3 51. gxf3 Re3 52. Kg2 Re2+ 0-1

[Event "Titled Tuesday intern op 06th Dec Late"]
[Site "Chess.com INT"]
[Date "2022.12.06"]
[Round "7"]
[White "Therrien, Alex L"]
[Black "D'Arruda, Ricardo D"]
[Result "0-1"]
[WhiteElo "2205"]
[BlackElo "2271"]
[PlyCount "68"]
[EventDate "2022.12.06"]
[EventType "swiss (blitz)"]
[EventRounds "11"]
[EventCountry "USA"]
[SourceTitle "CBM 211 Extra"]
[Source "ChessBase"]
[SourceDate "2023.01.31"]
[SourceVersion "1"]
[SourceVersionDate "2023.01.31"]
[SourceQuality "1"]

1. d4 Nf6 2. c4 e5 3. dxe5 Ne4 4. a3 Nc6 5. Nf3 d6 6. Qc2 d5 7. Nc3 Nxc3 8. Qxc3 d4 9. Qc2 a5 10. b3 Bc5 11. Bf4 Qe7 12. Qb2 Bg4 13. h3 Bxf3 14. exf3 Nxe5 15. Bxe5 Qxe5+ 16. Qe2 Qxe2+ 17. Bxe2 0-0-0 18. Bd3 Rhe8+ 19. Kd2 g6 20. Kc2 c6 21. Rhb1 Kc7 22. b4 axb4 23. axb4 Bf8 24. Kb3 Ra8 25. c5 b5 26. Re1 Rxe1 27. Rxe1 Kd7 28. Re4 Bg7 29. Re2 Ra1 30. Ra2 Rc1 31. Rc2 Rxc2 32. Kxc2 Bh6 33. Kb3 Bd2 34. f4 Bxf4 0-1

[Event "Titled Tuesday intern op 06th Dec Late"]
[Site "Chess.com INT"]
[Date "2022.12.06"]
[Round "3"]
[White "Therrien, Alex L"]
[Black "Darini, Pouria"]
[Result "0-1"]
[WhiteElo "2205"]
[BlackElo "2405"]
[PlyCount "52"]
[EventDate "2022.12.06"]
[EventType "swiss (blitz)"]
[EventRounds "11"]
[EventCountry "USA"]
[SourceTitle "CBM 211 Extra"]
[Source "ChessBase"]
[SourceDate "2023.01.31"]
[SourceVersion "1"]
[SourceVersionDate "2023.01.31"]
[SourceQuality "1"]

1. d4 Nf6 2. c4 e6 3. Nc3 Bb4 4. e3 c5 5. Nge2 cxd4 6. exd4 d5 7. a3 Be7 8. Nf4 0-0 9. cxd5 exd5 10. Be2 Nc6 11. 0-0 Bf5 12. Be3 Rc8 13. Rc1 Na5 14. g4 Be6 15. g5 Ne8 16. h4 Nc4 17. Qb3 Nxe3 18. fxe3 Nc7 19. Qxb7 Rb8 20. Qc6 Rb6 21. Qa4 Rxb2 22. Rb1 Rxb1 23. Rxb1 Bf5 24. Rb7 Bd6 25. Qxa7 Bxf4 26. exf4 Ne6 0-1

[Event "Titled Tuesday intern op 08th Nov Late"]
[Site "Chess.com INT"]
[Date "2022.11.08"]
[Round "10"]
[White "Tsukerman, Julia"]
[Black "Therrien, Alex L"]
[Result "1-0"]
[WhiteElo "1793"]
[BlackElo "2205"]
[PlyCount "75"]
[EventDate "2022.11.08"]
[EventType "swiss (blitz)"]
[EventRounds "11"]
[EventCountry "USA"]
[SourceTitle "EXT 2024"]
[Source "ChessBase"]
[SourceDate "2023.10.10"]
[SourceVersion "1"]
[SourceVersionDate "2023.10.10"]
[SourceQuality "1"]

1. e4 c6 2. d4 d5 3. exd5 cxd5 4. Bd3 Nc6 5. c3 Nf6 6. h3 e5 7. dxe5 Nxe5 8. Bb5+ Nc6 9. Nf3 Bd6 10. 0-0 0-0 11. Bg5 Be6 12. Nbd2 h6 13. Bh4 Qb6 14. Bxc6 bxc6 15. Bxf6 gxf6 16. Nb3 Bf5 17. Qd2 Kg7 18. Nfd4 Bg6 19. Kh1 Kh7 20. f4 Be4 21. Qf2 Rg8 22. Rg1 Qc7 23. Nd2 f5 24. Nxe4 fxe4 25. Raf1 Qe7 26. Nf5 Qf6 27. Nxd6 Qxd6 28. f5 Rg3 29. f6 Rag8 30. Qf5+ R8g6 31. c4 e3 32. cxd5 cxd5 33. Rd1 d4 34. Qe4 Qxf6 35. Rxd4 Qf2 36. Rdd1 e2 37. Rde1 Re3 38. Qc2 1-0

[Event "London Classic Super rapid 8th"]
[Site "London"]
[Date "2016.12.18"]
[Round "9"]
[White "Wells, Peter K"]
[Black "Therrien, Alex L"]
[Result "1-0"]
[WhiteElo "2431"]
[BlackElo "2229"]
[PlyCount "58"]
[EventDate "2016.12.17"]
[EventType "swiss (rapid)"]
[EventRounds "10"]
[EventCountry "ENG"]
[SourceTitle "CBM 176 Extra"]
[Source "ChessBase"]
[SourceDate "2017.03.02"]
[SourceVersion "1"]
[SourceVersionDate "2017.03.02"]
[SourceQuality "1"]

1. d4 d5 2. c4 c6 3. Nf3 Nf6 4. Nc3 a6 5. a4 a5 6. Bg5 Ne4 7. h4 Na6 8. e3 Bf5 9. cxd5 Nb4 10. dxc6 Nxc3 11. bxc3 Nc2+ 12. Qxc2 Bxc2 13. Bb5 f6 14. c7+ Qd7 15. Bxd7+ Kxd7 16. Bf4 e6 17. Ke2 Bd6 18. Bxd6 Kxd6 19. Nd2 Bg6 20. h5 Be8 21. h6 gxh6 22. Ne4+ Ke7 23. Rxh6 Bg6 24. Nc5 b6 25. Nd3 Rhc8 26. Rb1 Ra6 27. Rb3 Rxc7 28. Nf4 Bc2 29. Rb2 Bxa4 1-0

[Event "London Classic Super rapid 8th"]
[Site "London"]
[Date "2016.12.17"]
[Round "3"]
[White "Moussard, Jules"]
[Black "Therrien, Alex L"]
[Result "1-0"]
[WhiteElo "2571"]
[BlackElo "2229"]
[PlyCount "89"]
[EventDate "2016.12.17"]
[EventType "swiss (rapid)"]
[EventRounds "10"]
[EventCountry "ENG"]
[SourceTitle "CBM 176 Extra"]
[Source "ChessBase"]
[SourceDate "2017.03.02"]
[SourceVersion "1"]
[SourceVersionDate "2017.03.02"]
[SourceQuality "1"]

1. Nf3 d5 2. g3 Nf6 3. Bg2 Bf5 4. 0-0 e6 5. c4 c6 6. cxd5 exd5 7. d3 Be7 8. Nc3 0-0 9. Nd4 Bg6 10. e4 Na6 11. exd5 Nxd5 12. Nxd5 cxd5 13. Ne2 Bh5 14. h3 f6 15. Re1 Qd7 16. Qb3 Bf7 17. d4 Nb4 18. Nc3 Rfd8 19. Be3 Nc6 20. Rac1 Rac8 21. Kh2 Bf8 22. h4 Na5 23. Qd1 Be6 24. Bf4 Bg4 25. Qa4 Qxa4 26. Nxa4 Rxc1 27. Rxc1 Nc6 28. Nc5 Nxd4 29. Nxb7 Rd7 30. Nc5 Rd8 31. Bc7 Rc8 32. Bxd5+ Kh8 33. Nd3 Be2 34. Ba5 Re8 35. Nf4 Bf3 36. Bxf3 Nxf3+ 37. Kg2 Ne5 38. Rc7 g5 39. Nd5 Bg7 40. hxg5 fxg5 41. Bc3 a6 42. f4 gxf4 43. gxf4 Rg8 44. fxe5 Bxe5+ 45. Kf3 1-0

[Event "London Classic op 7th"]
[Site "London"]
[Date "2015.12.11"]
[Round "9"]
[White "Sucikova, Svetlana"]
[Black "Therrien, Alex L"]
[Result "1-0"]
[WhiteElo "2070"]
[BlackElo "2252"]
[PlyCount "91"]
[EventDate "2015.12.04"]
[EventType "swiss"]
[EventRounds "9"]
[EventCountry "ENG"]
[SourceTitle "CBM 169 Extra"]
[Source "ChessBase"]
[SourceDate "2015.12.18"]
[SourceVersion "1"]
[SourceVersionDate "2015.12.18"]
[SourceQuality "1"]

1. c4 c6 2. Nf3 d5 3. e3 Nf6 4. b3 Bf5 5. Bb2 e6 6. Be2 h6 7. 0-0 Nbd7 8. d3 Bd6 9. Nbd2 0-0 10. Re1 Bh7 11. e4 dxe4 12. Nxe4 Nxe4 13. dxe4 Bb4 14. Rf1 Bxe4 15. Qd4 Nf6 16. Qe3 Bh7 17. Rad1 Qe7 18. Bxf6 Qxf6 19. Rd7 b6 20. Ne5 Bc5 21. Qg3 Rad8 22. Rfd1 Rxd7 23. Nxd7 Qb2 24. Bh5 Rc8 25. Qf3 f6 26. Nxc5 bxc5 27. Qxc6 Rf8 28. Qxe6+ Kh8 29. Qe7 Ra8 30. Bf3 Qc2 31. Qxc5 Re8 32. Qd4 Qxa2 33. b4 Bc2 34. Ra1 Qb3 35. b5 Bd3 36. Bd5 Rc8 37. Rc1 Be2 38. Qe3 Qxe3 39. fxe3 Rc5 40. Kf2 Bg4 41. e4 Bd7 42. Ra1 Rc7 43. Ke3 g5 44. Kd4 Kg7 45. Ra5 Kf8 46. c5 1-0

[Event "London Classic op 7th"]
[Site "London"]
[Date "2015.12.05"]
[Round "2"]
[White "Therrien, Alex L"]
[Black "Blomqvist, Erik"]
[Result "1/2-1/2"]
[WhiteElo "2252"]
[BlackElo "2486"]
[PlyCount "57"]
[EventDate "2015.12.04"]
[EventType "swiss"]
[EventRounds "9"]
[EventCountry "ENG"]
[SourceTitle "CBM 169 Extra"]
[Source "ChessBase"]
[SourceDate "2015.12.18"]
[SourceVersion "1"]
[SourceVersionDate "2015.12.18"]
[SourceQuality "1"]

1. d4 d5 2. c4 c6 3. Nf3 Nf6 4. e3 Bg4 5. Qb3 Qb6 6. Nc3 e6 7. Nh4 Bh5 8. h3 Na6 9. g4 Qxb3 10. axb3 Nb4 11. Ke2 g5 12. gxh5 gxh4 13. Bg2 Nxh5 14. Bd2 f5 15. Ra4 Rg8 16. Bf3 Nf6 17. Rha1 Na6 18. c5 Ne4 19. Nxe4 dxe4 20. Bh5+ Kd7 21. Kf1 Be7 22. Be2 Nc7 23. Rxa7 Rab8 24. Ba5 Nd5 25. Ba6 Kc8 26. Bc4 Kd7 27. Ba6 Kc8 28. Bc4 Kd7 29. Ba6 1/2-1/2

[Event "BCF-chT3 1314 (4NCL)"]
[Site "England"]
[Date "2014.05.05"]
[Round "11.86"]
[White "Therrien, Alex L"]
[Black "Maciol, Ryszard"]
[Result "1/2-1/2"]
[WhiteElo "2243"]
[BlackElo "2200"]
[PlyCount "111"]
[EventDate "2013.11.16"]
[EventType "team-swiss"]
[EventRounds "11"]
[EventCountry "ENG"]
[SourceTitle "EXT 2015"]
[Source "ChessBase"]
[SourceDate "2014.11.20"]
[SourceVersion "1"]
[SourceVersionDate "2014.11.20"]
[SourceQuality "1"]
[WhiteTeam "Sussex Smart Survivors"]
[BlackTeam "Celtic Tigers"]
[WhiteTeamCountry "ENG"]
[BlackTeamCountry "ENG"]

1. d4 Nf6 2. c4 e6 3. Nc3 Bb4 4. e3 c5 5. Nge2 cxd4 6. exd4 0-0 7. a3 Be7 8. Nf4 d6 9. Be2 Nc6 10. d5 Ne5 11. 0-0 Ne8 12. Be3 Nc7 13. b4 b6 14. Qb3 Ng6 15. Nxg6 hxg6 16. a4 Bf6 17. Rfd1 exd5 18. cxd5 Bd7 19. Rac1 Re8 20. Bf3 Be5 21. Ne2 Rc8 22. Nd4 Qf6 23. Nc6 Bxc6 24. Rxc6 Na6 25. Qc4 Rxc6 26. dxc6 Nc7 27. b5 Rb8 28. Rb1 Qf5 29. Rd1 Rd8 30. Bg4 Qf6 31. Bd7 d5 32. Qd3 Qh4 33. g3 Qxa4 34. Rb1 Qc4 35. Qxc4 dxc4 36. Kf1 Kf8 37. Ke2 Ke7 38. Rb4 Bd6 39. Rb1 Nd5 40. Kd2 Be5 41. Kc2 Rxd7 42. cxd7 Kxd7 43. Rd1 Ke6 44. Bd4 Bxd4 45. Rxd4 Nc7 46. Rxc4 Nxb5 47. Rc8 Nd6 48. Rg8 a5 49. Rxg7 Ne4 50. Rg8 Nxf2 51. Rb8 Ng4 52. Rxb6+ Kf5 53. h3 Nf2 54. Rb5+ Ke4 55. Rxa5 Nxh3 56. Ra3 1/2-1/2

[Event "High Wycombe e2e4 op 03"]
[Site "High Wycombe"]
[Date "2014.03.15"]
[Round "2"]
[White "Fernandez, Michael"]
[Black "Therrien, Alex L"]
[Result "0-1"]
[WhiteElo "1985"]
[BlackElo "2246"]
[PlyCount "70"]
[EventDate "2014.03.14"]
[EventType "swiss"]
[EventRounds "5"]
[EventCountry "ENG"]
[SourceTitle "CBM 159 Extra"]
[Source "ChessBase"]
[SourceDate "2014.04.24"]
[SourceVersion "1"]
[SourceVersionDate "2014.04.24"]
[SourceQuality "1"]

1. e4 c6 2. d4 d5 3. Nd2 dxe4 4. Nxe4 Bf5 5. Ng3 Bg6 6. Nf3 Nd7 7. h4 h6 8. h5 Bh7 9. Bd3 Bxd3 10. Qxd3 Ngf6 11. Bd2 e6 12. 0-0-0 Be7 13. Ne4 0-0 14. c4 b5 15. cxb5 cxb5 16. Kb1 Qb6 17. Nxf6+ Nxf6 18. Ne5 Rad8 19. Qf3 Nd5 20. g4 b4 21. g5 Nc3+ 22. Bxc3 bxc3 23. Qxc3 Bxg5 24. Rhf1 Rd5 25. f4 Bf6 26. Rd3 Rfd8 27. Rfd1 Qb7 28. Qd2 Rb5 29. Ka1 Rb8 30. Rb1 Qe4 31. Nd7 Rd8 32. Nxf6+ gxf6 33. f5 Rxf5 34. Ra3 Rxh5 35. Rxa7 Rh1 0-1

[Event "Torquay e2e4 op"]
[Site "Torquay"]
[Date "2013.02.10"]
[Round "5"]
[White "Webster, Richard J"]
[Black "Therrien, Alex L"]
[Result "0-1"]
[WhiteElo "1970"]
[BlackElo "2258"]
[PlyCount "58"]
[EventDate "2013.02.08"]
[EventType "swiss"]
[EventRounds "5"]
[EventCountry "ENG"]
[SourceTitle "CBM 152 Extra"]
[Source "ChessBase"]
[SourceDate "2013.02.25"]
[SourceVersion "1"]
[SourceVersionDate "2013.02.25"]
[SourceQuality "1"]

1. e4 c6 2. d4 d5 3. exd5 cxd5 4. c4 Nf6 5. Nc3 Nc6 6. Bg5 dxc4 7. d5 Na5 8. Nf3 Bg4 9. h3 Bxf3 10. Qxf3 h6 11. Be3 g6 12. b4 cxb3 13. Bb5+ Nd7 14. Bd4 Rg8 15. Ne4 a6 16. Qe3 e5 17. dxe6 axb5 18. exd7+ Kxd7 19. Nf6+ Kc8 20. axb3 Bb4+ 21. Ke2 Ra6 22. Qf4 Nxb3 23. Rhc1+ Nxc1+ 24. Rxc1+ Rc6 25. Nxg8 Qxg8 26. Bb6 Qe8+ 27. Kf1 Rxc1+ 28. Qxc1+ Qc6 29. Qe3 Qe6 0-1

[Event "Bournemouth op"]
[Site "Bournemouth"]
[Date "2012.04.21"]
[Round "2"]
[White "Cherniaev, Alexander"]
[Black "Therrien, Alex L"]
[Result "1-0"]
[WhiteElo "2488"]
[BlackElo "2239"]
[PlyCount "100"]
[EventDate "2012.04.20"]
[EventType "swiss"]
[EventRounds "5"]
[EventCountry "ENG"]
[SourceTitle "CBM 148 Extra"]
[Source "ChessBase"]
[SourceDate "2012.06.22"]
[SourceVersion "1"]
[SourceVersionDate "2012.06.22"]
[SourceQuality "1"]

1. e4 c6 2. d4 d5 3. exd5 cxd5 4. c4 Nf6 5. Nc3 Nc6 6. Bf4 e6 7. c5 Ne4 8. Bd3 f5 9. Nge2 Be7 10. Bb5 0-0 11. Bxc6 bxc6 12. f3 Nf6 13. 0-0 Nd7 14. b4 Ba6 15. Re1 Re8 16. Qc2 g6 17. Bg3 Bf6 18. f4 Bxe2 19. Nxe2 a5 20. a3 Qc7 21. Rab1 axb4 22. axb4 Reb8 23. Rb3 Rb7 24. Qd2 Rab8 25. Nc1 Bg7 26. Bh4 Re8 27. Qf2 Qb8 28. Nd3 Qa8 29. Qb2 Qa6 30. Ra1 Qc4 31. Bf2 Reb8 32. h3 Nf6 33. Rc3 Qb5 34. Qe2 Ne4 35. Ra5 Qxa5 36. bxa5 Nxc3 37. Qxe6+ Kh8 38. a6 Ra7 39. Ne5 Rf8 40. Bh4 Ne2+ 41. Kh2 Nxd4 42. Qd6 Rxa6 43. Be7 Rfa8 44. Bf6 R6a7 45. Bxg7+ Kxg7 46. Nd7 Re8 47. Qf6+ Kg8 48. Qd6 Kf7 49. Nf6 Rh8 50. Qe5 Nb5 1-0

[Event "High Wycombe e2e4 op 03"]
[Site "High Wycombe"]
[Date "2012.03.18"]
[Round "5"]
[White "Ghasi, Ameet K"]
[Black "Therrien, Alex L"]
[Result "1-0"]
[WhiteElo "2400"]
[BlackElo "2239"]
[PlyCount "103"]
[EventDate "2012.03.16"]
[EventType "swiss"]
[EventRounds "5"]
[EventCountry "ENG"]
[SourceTitle "CBM 147 Extra"]
[Source "ChessBase"]
[SourceDate "2012.04.24"]
[SourceVersion "1"]
[SourceVersionDate "2012.04.24"]
[SourceQuality "1"]

1. Nf3 f5 2. d4 e6 3. Bg5 Be7 4. h4 Nf6 5. Nbd2 d5 6. e3 Nbd7 7. Bf4 c6 8. Bd3 Ne4 9. g4 Ndf6 10. gxf5 exf5 11. Ne5 Nxd2 12. Kxd2 Be6 13. c3 Qb6 14. Kc2 0-0-0 15. b4 Ne4 16. Qe2 Bd6 17. Rhg1 Qc7 18. a3 Rhg8 19. Kb2 g6 20. Bc2 Qe7 21. Bxe4 fxe4 22. Bg5 Qg7 23. Bxd8 Rxd8 24. f4 exf3 25. Qxf3 Bxe5 26. dxe5 Qxe5 27. Qf4 Qxf4 28. exf4 Bf5 29. Rad1 Be4 30. Kc1 Rf8 31. Rdf1 Kc7 32. Rg5 Kb6 33. Re5 Rf7 34. Kb2 Kc7 35. Kc1 Kb6 36. Kd2 Kc7 37. Rf2 Kd7 38. c4 Kd6 39. Kc3 b6 40. Kd4 c5+ 41. Ke3 Rf5 42. cxd5 Rxe5 43. fxe5+ Kxe5 44. d6 Bc6 45. bxc5 bxc5 46. Rf7 Kxd6 47. Rxh7 a6 48. Rh6 Be8 49. h5 Ke5 50. Rh8 Bb5 51. h6 Kf6 52. Rf8+ 1-0

[Event "High Wycombe e2e4 op 03"]
[Site "High Wycombe"]
[Date "2012.03.18"]
[Round "4"]
[White "Therrien, Alex L"]
[Black "Wells, Peter K"]
[Result "1/2-1/2"]
[WhiteElo "2239"]
[BlackElo "2499"]
[PlyCount "34"]
[EventDate "2012.03.16"]
[EventType "swiss"]
[EventRounds "5"]
[EventCountry "ENG"]
[SourceTitle "CBM 147 Extra"]
[Source "ChessBase"]
[SourceDate "2012.04.24"]
[SourceVersion "1"]
[SourceVersionDate "2012.04.24"]
[SourceQuality "1"]

1. d4 Nf6 2. c4 e6 3. Nf3 d5 4. e3 a6 5. Nbd2 c5 6. b3 cxd4 7. exd4 Nc6 8. Bb2 g6 9. Ne5 Bg7 10. Be2 0-0 11. 0-0 Nd7 12. Nxc6 bxc6 13. Rc1 a5 14. Nf3 Qb6 15. Qd2 Rd8 16. Qf4 Ba6 17. Bd3 Re8 1/2-1/2

[Event "High Wycombe e2e4 op 03"]
[Site "High Wycombe"]
[Date "2012.03.17"]
[Round "3"]
[White "Wang, Xingliang Anna"]
[Black "Therrien, Alex L"]
[Result "0-1"]
[WhiteElo "1755"]
[BlackElo "2239"]
[PlyCount "98"]
[EventDate "2012.03.16"]
[EventType "swiss"]
[EventRounds "5"]
[EventCountry "ENG"]
[SourceTitle "CBM 147 Extra"]
[Source "ChessBase"]
[SourceDate "2012.04.24"]
[SourceVersion "1"]
[SourceVersionDate "2012.04.24"]
[SourceQuality "1"]

1. e4 c6 2. d4 d5 3. exd5 cxd5 4. c4 Nf6 5. Nf3 Nc6 6. Nc3 g6 7. cxd5 Nxd5 8. Bc4 Nxc3 9. bxc3 Bg7 10. 0-0 0-0 11. h3 Qc7 12. Bb3 Na5 13. Bb2 Nc4 14. Qe2 Be6 15. Rfd1 Bd5 16. Rab1 Rac8 17. Ba1 e6 18. Bxc4 Qxc4 19. Qxc4 Rxc4 20. Nh2 Ra4 21. Rd2 Bh6 22. Re2 Bc4 23. Reb2 Bxa2 24. Rd1 b6 25. Ng4 Bg5 26. Ne5 Rc8 27. Re2 Be7 28. Ree1 f6 29. Nf3 Bd5 30. Nh2 b5 31. Ng4 Kf7 32. Ne3 a5 33. Rb1 b4 34. cxb4 Rxb4 35. Rbc1 Rxc1 36. Rxc1 a4 37. Kh2 Bd6+ 38. g3 a3 39. Nxd5 exd5 40. Rc2 Rc4 41. Ra2 Ke6 42. Kg2 Kd7 43. Kf3 Kc6 44. Ke2 Kb5 45. Kd2 Ka4 46. Kd1 Kb3 47. Re2 Bb4 48. Re3+ Ka2 49. Re2+ Kxa1 0-1

[Event "Sunningdale e2e4 op"]
[Site "Ascot"]
[Date "2011.05.27"]
[Round "1"]
[White "Therrien, Alex L"]
[Black "Maroroa, Sue Yuchan"]
[Result "1/2-1/2"]
[WhiteElo "2251"]
[BlackElo "2019"]
[PlyCount "93"]
[EventDate "2011.05.27"]
[EventType "swiss"]
[EventRounds "7"]
[EventCountry "ENG"]
[SourceTitle "CBM 142 Extra"]
[Source "ChessBase"]
[SourceDate "2011.06.27"]
[SourceVersion "1"]
[SourceVersionDate "2011.06.27"]
[SourceQuality "1"]

1. d4 Nf6 2. c4 e6 3. Nc3 Bb4 4. e3 0-0 5. Nge2 d5 6. a3 Be7 7. cxd5 exd5 8. g3 a5 9. Bg2 c6 10. 0-0 Na6 11. Nf4 Re8 12. f3 c5 13. dxc5 Be6 14. g4 Bxc5 15. g5 Nd7 16. Ncxd5 Qxg5 17. Kh1 Rad8 18. Nxe6 Rxe6 19. f4 Qh4 20. Qf3 Rh6 21. h3 Nb6 22. Nc3 Rg6 23. Ne4 f5 24. Nc3 Rg3 25. Qe2 Rd6 26. Rf3 Rxf3 27. Qxf3 Qe1+ 28. Kh2 Nd7 29. Qe2 Qxe2 30. Nxe2 Rd1 31. Bxb7 Nc7 32. Nc3 Re1 33. Rb1 Bxe3 34. Bxe3 Rxe3 35. Rd1 Nc5 36. Bd5+ Kf8 37. Bc4 Ke8 38. Nd5 Nxd5 39. Rxd5 Ne4 40. Rxf5 Nd6 41. Bb5+ Ke7 42. Rc5 Rb3 43. Bc6 Rb6 44. Bg2 Rb5 45. Rc7+ Kf6 46. Rc6 Ke7 47. Rc7+ 1/2-1/2

[Event "Brighton e2e4 Masters-B"]
[Site "Brighton"]
[Date "2011.02.25"]
[Round "5"]
[White "Therrien, Alex L"]
[Black "Norinkeviciute, Rasa"]
[Result "1/2-1/2"]
[WhiteElo "2251"]
[BlackElo "2022"]
[PlyCount "51"]
[EventDate "2011.02.23"]
[EventType "tourn"]
[EventRounds "9"]
[EventCountry "ENG"]
[SourceTitle "CBM 141 Extra"]
[Source "ChessBase"]
[SourceDate "2011.05.03"]
[SourceVersion "1"]
[SourceVersionDate "2011.05.03"]
[SourceQuality "1"]

1. d4 Nf6 2. c4 e6 3. Nc3 Bb4 4. e3 b6 5. f3 Nh5 6. Nh3 f5 7. Qc2 0-0 8. Bd3 c5 9. d5 d6 10. Nf2 Bxc3+ 11. bxc3 g6 12. 0-0 e5 13. Bd2 Bd7 14. Rfb1 Be8 15. Qd1 Nd7 16. Bc2 Ndf6 17. a4 a5 18. Rb2 Rb8 19. Rab1 Ng7 20. g4 Nd7 21. Qe2 Kh8 22. Rf1 Qe7 23. Kh1 Nf6 24. Rg1 Bd7 25. gxf5 gxf5 26. Rgb1 1/2-1/2

[Event "BCF-chT 0708 (4NCL)"]
[Site "Sunningdale"]
[Date "2008.03.02"]
[Round "8.4"]
[White "Martyn, Rafe"]
[Black "Therrien, Alex L"]
[Result "1-0"]
[WhiteElo "2296"]
[BlackElo "2240"]
[PlyCount "63"]
[EventDate "2007.09.15"]
[EventType "team-tourn"]
[EventRounds "11"]
[EventCountry "ENG"]
[SourceTitle "EXT 2008"]
[Source "ChessBase"]
[SourceDate "2007.11.25"]
[SourceVersion "1"]
[SourceVersionDate "2007.11.25"]
[SourceQuality "1"]
[WhiteTeam "Sambuca Sharks"]
[BlackTeam "Hilsmark Kingfisher"]
[WhiteTeamCountry "ENG"]
[BlackTeamCountry "ENG"]

1. e4 c5 2. Nf3 Nc6 3. Bb5 Nf6 4. e5 Nd5 5. Nc3 Nc7 6. 0-0 Nd4 7. Bc4 b5 8. Nxd4 bxc4 9. Nf5 Ba6 10. Qg4 Ne6 11. Re1 g6 12. Ne3 Nd4 13. Ne2 Qb6 14. Nf4 h5 15. Qg3 Bh6 16. Nfd5 Qd8 17. b3 cxb3 18. axb3 Bb7 19. Bb2 Bxd5 20. Nxd5 Ne6 21. d3 0-0 22. f4 Ng7 23. Qf2 Nf5 24. Qxc5 Rc8 25. Qf2 d6 26. Rxa7 dxe5 27. c4 exf4 28. Rexe7 Nxe7 29. Qd4 f6 30. Rxe7 Rf7 31. Nxf6+ Rxf6 32. Qxf6 1-0

[Event "BCF-chT 0708 (4NCL)"]
[Site "Sunningdale"]
[Date "2008.03.01"]
[Round "7.4"]
[White "Therrien, Alex L"]
[Black "Taylor, Martin R"]
[Result "1/2-1/2"]
[WhiteElo "2240"]
[BlackElo "2334"]
[PlyCount "89"]
[EventDate "2007.09.15"]
[EventType "team-tourn"]
[EventRounds "11"]
[EventCountry "ENG"]
[SourceTitle "EXT 2008"]
[Source "ChessBase"]
[SourceDate "2007.11.25"]
[SourceVersion "1"]
[SourceVersionDate "2007.11.25"]
[SourceQuality "1"]
[WhiteTeam "Hilsmark Kingfisher"]
[BlackTeam "Barbican II"]
[WhiteTeamCountry "ENG"]
[BlackTeamCountry "ENG"]

1. d4 d5 2. c4 e6 3. Nc3 Nf6 4. cxd5 exd5 5. Bg5 Be7 6. e3 Nbd7 7. Bd3 c6 8. Nge2 Nh5 9. Bxe7 Qxe7 10. g4 Nhf6 11. Ng3 Nb6 12. g5 Nfd7 13. Nf5 Qxg5 14. Qf3 Nf6 15. h4 Qg4 16. Qxg4 Nxg4 17. Nxg7+ Kf8 18. Nh5 Nd7 19. Rg1 Ndf6 20. Nxf6 Nxf6 21. f3 h6 22. 0-0-0 Be6 23. e4 dxe4 24. fxe4 Rd8 25. Be2 Ke7 26. Bf3 Rhg8 27. Rge1 Rg3 28. Bh1 Bg4 29. Rd2 Nd7 30. e5 Nb6 31. Ne4 Rh3 32. Nd6 Rxh4 33. Nxb7 Rb8 34. Na5 Bd7 35. Nxc6+ Bxc6 36. Bxc6 Rc8 37. Rc2 Rxd4 38. Rh1 Rc4 39. Rxh6 Rxc2+ 40. Kxc2 Nc4 41. Kb1 Rb8 42. Bd5 Rxb2+ 43. Kc1 Rb6 44. e6 Ne3 45. Bb3 1/2-1/2

[Event "BCF-chT 0708 (4NCL)"]
[Site "Sunningdale"]
[Date "2008.01.12"]
[Round "5.5"]
[White "Therrien, Alex L"]
[Black "Osborne, Marcus E"]
[Result "1/2-1/2"]
[WhiteElo "2240"]
[BlackElo "2256"]
[PlyCount "71"]
[EventDate "2007.09.15"]
[EventType "team-tourn"]
[EventRounds "11"]
[EventCountry "ENG"]
[SourceTitle "EXT 2008"]
[Source "ChessBase"]
[SourceDate "2007.11.25"]
[SourceVersion "1"]
[SourceVersionDate "2007.11.25"]
[SourceQuality "1"]
[WhiteTeam "Hilsmark Kingfisher"]
[BlackTeam "Richmond"]
[WhiteTeamCountry "ENG"]
[BlackTeamCountry "ENG"]

1. d4 Nf6 2. c4 e6 3. g3 d5 4. Bg2 dxc4 5. Qa4+ Nbd7 6. Nf3 a6 7. Qxc4 b5 8. Qc2 c5 9. Ne5 Nd5 10. Nxd7 Bxd7 11. Bxd5 exd5 12. dxc5 Bc6 13. Nd2 d4 14. f3 d3 15. Qxd3 Qxd3 16. exd3 Bxc5 17. Nb3 Bb6 18. Rf1 0-0-0 19. d4 Bd5 20. Be3 Bc4 21. Rh1 Rhe8 22. Kf2 Bxb3 23. axb3 Bxd4 24. Bxd4 Rxd4 25. Rhd1 Rxd1 26. Rxd1 Kc7 27. b4 Re6 28. Rc1+ Kd6 29. Rc8 Kd5 30. Rc7 Rf6 31. Ke3 Re6+ 32. Kd3 Rf6 33. f4 Rd6 34. Ke3 Re6+ 35. Kf3 Rf6 36. Ke3 1/2-1/2